000 00399nam a2200157 a 4500
005 20140412111229.0
008 001113s19uu xx 00 eng d
020 _a1-55723-020-X
050 _aER
_bOn2 1990
245 _a101 Dalmatians.
260 _aBurbank, CA :
_bDisny Audio Entertainment,
_c1990.
300 _a24 p. ; ill.
440 _aDisney
650 _aDogs
_xFiction
999 _c102114
_d102114